Jesus, the voice, and the text beyond the oral and the written gospel / (Record no. 8545)

MARC details
000 -LEADER
fixed length control field 01941nam a22002297a 4500
003 - CONTROL NUMBER IDENTIFIER
control field GBCCL
005 - DATE AND TIME OF LATEST TRANSACTION
control field 20241126110653.0
008 - FIXED-LENGTH DATA ELEMENTS--GENERAL INFORMATION
fixed length control field 210405b ||||| |||| 00| 0 eng d
020 ## - INTERNATIONAL STANDARD BOOK NUMBER
International Standard Book Number 9781932792607
020 ## - INTERNATIONAL STANDARD BOOK NUMBER
International Standard Book Number 1932792600
040 ## - CATALOGING SOURCE
Transcribing agency gbc
082 ## - DEWEY DECIMAL CLASSIFICATION NUMBER
Classification number 225.663
Item number JES
245 ## - TITLE STATEMENT
Title Jesus, the voice, and the text beyond the oral and the written gospel /
Statement of responsibility, etc. Tom Thatcher, ed.
260 ## - PUBLICATION, DISTRIBUTION, ETC.
Place of publication, distribution, etc. Waco, Tex.
Name of publisher, distributor, etc. Baylor Univ. Press
Date of publication, distribution, etc. 2008
300 ## - PHYSICAL DESCRIPTION
Extent viii, 317 pages
505 ## - FORMATTED CONTENTS NOTE
Formatted contents note Beyond Texts and Traditions: Werner Kelberas Media History of Christian Origins - Tom Thatcher "Itas Not Easy to Take a Fresh Approach": Reflections on The Oral and Written Gospel (An Interview with Werner Kelber) - Werner Kelber and Tom Thatcher Oral Performance and Mark: Some Implications of The Oral and the Written Gospel , Twenty-Five Years Later- Richard A. Horsley The Gospel of Mark as Oral Hermeneutic - Joanna Dewey Storytelling in Oral and Written Media Contexts of the Ancient Mediterranean World - Holly E. Hearon Vice Catalogues as OralaMnemonic Cues: A Comparative Study of the Two Ways Tradition in the Didache and Parallels from the Perspective of Oral Tradition - Jonathan Draper Human Memory and the Sayings of Jesus: Contemporary Experimental Exercises in the Transmission of Jesus Traditions - April D. DeConick The Gospel of Trajan - Arthur J. Dewey The Scar of the Cross: The Violence Ratio and the Earliest Christian Memories of Jesus - Chris Keith and Tom Thatcher Manuscript Tradition as a Tertium Quid: Orality and Memory in Scribal Practices - Alan Kirk The OralaScribalaMemorial Arts of Communication in Early Christianity - Werner H. Kelber Notes Works Cited Contributors
650 ## - SUBJECT ADDED ENTRY--TOPICAL TERM
Topical term or geographic name entry element Kelber, Werner H.
Form subdivision Oral and the written Gospel.
9 (RLIN) 15047
650 ## - SUBJECT ADDED ENTRY--TOPICAL TERM
Topical term or geographic name entry element Bible.
Form subdivision N.T. Gospels
General subdivision Criticism, interpretation, etc.
9 (RLIN) 15048
650 ## - SUBJECT ADDED ENTRY--TOPICAL TERM
Topical term or geographic name entry element Oral tradition.
9 (RLIN) 15049
700 ## - ADDED ENTRY--PERSONAL NAME
Personal name Tom Thatcher,
Dates associated with a name 1967-
Relator term editor.
9 (RLIN) 15050
942 ## - ADDED ENTRY ELEMENTS (KOHA)
Source of classification or shelving scheme Dewey Decimal Classification
Koha item type Books
Holdings
Withdrawn status Lost status Source of classification or shelving scheme Damaged status Not for loan Home library Current Library Shelving location Date acquired Total checkouts Full call number Barcode Date last seen Date last checked out Copy number Price effective from Koha item type
    Dewey Decimal Classification     GRACE BIBLE COLLEGE GRACE BIBLE COLLEGE Biblical Studies 2021-04-05 1 225.663 JES 020191 2025-08-20 2025-08-18 c.1 2021-04-05 Books
© Grace Bible College Library 2025